| 000 | 00895nam a2200229 a 4500 | ||
|---|---|---|---|
| 001 | 40402 | ||
| 003 | BD-RjUL | ||
| 005 | 20211209053214.0 | ||
| 008 | 161206s1994 b ||||| |||| 00| 0 ben d | ||
| 020 |
_a9840730622 _c: Tk. 80.00 |
||
| 035 | _a(BD-RjUL) 40517 | ||
| 040 |
_aBD-RjUL _bben _cBD-RjUL |
||
| 041 | _aben | ||
| 082 |
_223 _a891.44016 _bMOU 1994 |
||
| 100 |
_aমোমেনীন, আমিরুল _9124463 |
||
| 245 | 1 | 0 |
_aউত্তরাধিকার : রচনাসূচি (১৯৭৩-১৯৯২) / _cআমিরুল মোমেনীন |
| 260 |
_aঢাকা : _bবাংলা একাডেমী, _c১৯৯৪ |
||
| 300 |
_a[১৩], ১৬৬ পৃ. ; _c২১ সেমি. |
||
| 650 |
_aবাংলা সাহিত্য _xগ্রন্থপঞ্জি _9124462 |
||
| 650 |
_aBengali literature _xBibliography _9124464 |
||
| 942 |
_2ddc _cREF |
||
| 999 |
_c40402 _d40402 |
||